• 首页
  • 本馆介绍
  • 公告通知
  • 最新文献
  • 馆藏检索
  • 电子资源
  • 读者导购
  • 参考咨询
  • 我的图书馆
  • 登录
  • 详细信息显示
  • 放入我的书架
  • 预约/预借图书
  • 作者相关作品
  • 分类相关作品
  • 丛书相关作品
  • 出版社相关作品

书目信息

  • 表格格式
  • 工作单格式
  • 卡片格式
题名:
现代心理训练方法
    
 
作者: 张力为 编著
分册:  
出版信息: 北京   北京体育大学出版社  2004
页数: 143页
开本: 20cm
丛书名: 现代运动训练方法丛书
单 册:
中图分类: G804.86
科图分类:
主题词: 运动员--心理训练 , 运动员 , 心理训练
电子资源:
ISBN: 7-81051-877-1
000 00905oam2 2200265 450
001 002683926
005 20061104155608.84
010    @a7-81051-877-1@dCNY14.00
100    @a20040719d2004 em y0chiy0110 ea
101 0  @achi
102    @aCN@b110000
105    @aa z 000yy
200 1  @a现代心理训练方法@9xian dai xin li xun lian fang fa@f张力为编著
210    @a北京@c北京体育大学出版社@d2004
215    @a143页@c照片,图@d20cm
225 2  @a现代运动训练方法丛书
330    @a该书将心理技能训练分为5类117种,包括改善认知的方法、激发动机的方法、控制情绪的方法、提高群体凝聚力的方法和比赛心理调控方法。每种方法通过“目的”和练习“方法”两部分加以介绍。
461  0 @12001 @a现代运动训练方法丛书
606 0  @a运动员@x心理训练
606 0  @a运动员
606 0  @a心理训练
690    @aG804.86@v4
701  0 @a张力为@9zhang li wei@4编著
801  0 @aCN@bNLC@c20061104
905    @a10447@dG804.86@e199
    
    现代心理训练方法/张力为编著.-北京:北京体育大学出版社,2004
    143页:照片,图;20cm.-(现代运动训练方法丛书)
    
    
    ISBN 7-81051-877-1:CNY14.00
    该书将心理技能训练分为5类117种,包括改善认知的方法、激发动机的方法、控制情绪的方法、提高群体凝聚力的方法和比赛心理调控方法。每种方法通过“目的”和练习“方法”两部分加以介绍。
●
相关链接 在E读中查询图书 在五车中查询图书 在当当中查询图书 在豆瓣中查询图书


正题名:现代心理训练方法     索取号:G804.86/199         预约/预借

序号 登录号 条形码 馆藏地/架位号 状态 备注
1 0380827   203808273   第一样本阅览室/ [索取号:G804.86/199] 在馆    
2 0380828   203808282   第四借阅区/ [索取号:G804.86/199] 在馆    
3 0380829   203808291   第四借阅区/ [索取号:G804.86/199] 在馆    
4 0380830   203808308   第四借阅区/ [索取号:G804.86/199] 在馆    
5 0380831   203808317   第四借阅区/ [索取号:G804.86/199] 在馆    
唐山师范学院图书馆 欢迎您!
大连网信软件有限公司© 版权所有